000 00451cam a2200193ua 4500
001 11414
005 20260515114742.0
008 190918n ii |||gr||||Z||||||eng
040 _cMAIN
041 _aeng
082 _a370.9
100 _aR N Sharma,
_eAuthor.
245 _aComparative education
_cBy R N Sharma
250 _a5th rep.
260 _aDelhi:
_bSurjeet publications,
_c2017.
300 _a488p.
653 _aEducation
942 _cBK
999 _c10245
_d10245